Sheffield Wednesday Premier League XIs - Statistics

General Stats
  • This quiz has been taken 164 times
  • The average score is 48 of 88
Answer Stats
Position Answer % Correct
MF Chris Waddle
81%
MF Chris Waddle
81%
MF Chris Waddle
81%
ST David Hirst
78%
ST David Hirst
78%
ST David Hirst
78%
DF Des Walker
78%
DF Des Walker
78%
DF Des Walker
78%
DF Des Walker
78%
DF Des Walker
78%
DF Des Walker
78%
DF Des Walker
78%
GK Kevin Pressman
77%
GK Kevin Pressman
77%
GK Kevin Pressman
77%
GK Kevin Pressman
77%
GK Kevin Pressman
77%
MF Carlton Palmer
74%
MF Carlton Palmer
74%
ST Paolo Di Canio
74%
ST Mark Bright
71%
ST Mark Bright
71%
ST Mark Bright
71%
ST Benito Carbone
70%
ST Benito Carbone
70%
ST Benito Carbone
70%
GK Chris Woods
68%
MF Chris Bart-Williams
64%
MF Chris Bart-Williams
64%
MF Nigel Worthington
60%
DF Nigel Worthington
60%
DF Peter Atherton
59%
DF Peter Atherton
59%
DF Peter Atherton
59%
DF Peter Atherton
59%
DF Peter Atherton
59%
DF Peter Atherton
59%
MF John Sheridan
58%
MF John Sheridan
58%
ST Andy Booth
55%
ST Andy Booth
55%
ST Andy Booth
55%
ST Andy Booth
55%
DF Roland Nilsson
53%
DF Roland Nilsson
53%
MF Wim Jonk
52%
MF Wim Jonk
52%
MF Ryan Jones
51%
MF John Harkes
49%
ST Gilles De Bilde
48%
DF Viv Anderson
48%
DF Andy Pearce
46%
DF Andy Pearce
46%
ST Guy Whittingham
45%
MF Guy Whittingham
45%
DF Ian Nolan
44%
DF Ian Nolan
44%
DF Ian Nolan
44%
DF Ian Nolan
44%
DF Ian Nolan
44%
GK Pavel Srníček
43%
GK Pavel Srníček
43%
DF Andy Hinchcliffe
42%
DF Andy Hinchcliffe
42%
DF Emerson Thome
42%
MF Graham Hyde
42%
MF Graham Hyde
42%
DF Paul Warhurst
42%
MF Andy Sinton
40%
MF Andy Sinton
40%
MF Niclas Alexandersson
40%
MF Niclas Alexandersson
40%
MF Mark Pembridge
36%
MF Mark Pembridge
36%
MF Mark Pembridge
36%
MF Petter Rudi
34%
MF Petter Rudi
34%
MF Petter Rudi
34%
MF Steve Nicol
33%
DF Steve Nicol
33%
DF Jon Newsome
30%
MF Alan Quinn
29%
MF Marc Degryse
29%
DF Dejan Stefanović
26%
DF Dejan Stefanović
26%
DF Lee Briscoe
20%
MF Danny Sonner
19%
No matching quizzes found
Score Distribution
Percent of People with Each Score
Percentile by Number Answered
Your Score History
You have not taken this quiz